Statistics for Which year in the 20th Century?

Click here to take the quiz!

General Stats

  • This quiz has been taken 389 times
  • The average score is 13 of 20

Answer Stats

DescriptionYear% Correct
The end of World War I1918
98%
Sinking of the Titanic1912
94%
Assassination of John F. Kennedy1963
94%
Attack on Pearl Harbor1941
92%
Adolf Hitler came to power in Germany1933
91%
The start of World War II1939
91%
First Man on the Moon1969
90%
Martin Luther King Jr. gave his "I Have a Dream" speech1963
81%
Formation of the United Nations1945
76%
Wedding of Prince Charles and Lady Diana of the U.K.1981
74%
Launch of Sputnik satellite1957
68%
Joseph Stalin becomes leader of the Soviet Union1927
67%
Tim Berners-Lee invents the World Wide Web1990
55%
First Nobel Prize awarded1901
50%
First successful ascent of Mount Everest1953
41%
Steve Wozniak invents the Apple I computer1976
40%
Google is founded by Larry Page and Sergey Brin1998
38%
First Academy Awards presented1929
36%
World population reaches 2 billion1927
21%
World population reaches 5 billion1987
19%

Score Distribution

Percentile by Number Answered

Percent of People with Each Score

Your Score History

You have not taken this quiz